| 000 | 00604nam a2200205Ia 4500 | ||
|---|---|---|---|
| 005 | 20250508152333.0 | ||
| 008 | 008 250505s9999 xx 000 0 eng d | ||
| 037 | _aTextual | ||
| 040 |
_aFEDL _beng _cFEDL |
||
| 041 |
_aeng _2eng |
||
| 084 |
_a155.4, BAR _qFEDL |
||
| 100 | _aBarker Roger G. | ||
| 245 | 0 | _aMidwest and its children: The psychological ecology of an American town | |
| 260 |
_aEvanston _bPeterson and Company |
||
| 300 | _avii,532p | ||
| 650 | _aChild psychology | ||
| 700 |
_a Wright Herbert F. _9761232 |
||
| 942 |
_cTEXL _h155.4, BAR |
||
| 999 |
_c1335782 _d1335782 |
||